000 00695nam a2200289Ia 4500
005 20260324143539.0
008 008 260324s9999 xx 000 0 eng d
020 _a9780203473931
037 _aEBOOK
040 _aCRL
040 _beng
040 _cCRL
041 _2eng
041 _aeng
084 _qCRL
100 _aP. Barrett; R. Males
_91216031
245 0 _aPractice Management
245 0 _bNew perspectives for the construction professional
260 _bTaylor and Francis
260 _c1991
365 _a
365 _b450
856 _uhttp://www.taylorfrancis.com/books/9780203473931
942 _cEBOOK
999 _c1821562
_d1821562